| 000 | 01503nam a22003257a 4500 | ||
|---|---|---|---|
| 005 | 20220426142852.0 | ||
| 008 | 220426b ||||| |||| 00| 0 eng d | ||
| 020 | _a8185107858 | ||
| 040 | _cAL | ||
| 041 | _aEnglish | ||
| 082 |
_223 _a618.106 _bSHOT |
||
| 100 |
_aShodhini and others _931984 |
||
| 245 | _aTouch Me Touch-me-not: Women Plants and Healing | ||
| 260 |
_aNew Delhi _bKali for Women _c1997 |
||
| 300 |
_axiii,222 p. _bPB _c21.5x14 cm. |
||
| 365 |
_b₹150.00 _c₹ _d₹150.00 |
||
| 520 | _aThis compilation of over 300 plants, and review of their medicinal value, has been put together by Shodhini, a network of women's health activists that seeks to address the health needs of the most disadvantaged women. Gynaecological complaints are common, but may remain neglected for most of a woman's life. The remedies in this book are the result of five years' experience in treating women across India, for everything from vaginal discharge and menstrual disorders to pregnancy and uterine complaints, and urinary tract infections. | ||
| 700 |
_aSHODHINI _931944 |
||
| 700 |
_aGUPTA (Anu) _931985 |
||
| 700 |
_aCHOUDHURY (Bharati Roy) _931986 |
||
| 700 |
_aBALACHANDRAN (Indira) _931987 |
||
| 700 |
_aVINCENT (Philomena) _931988 |
||
| 700 |
_aKHANNA (Renu) _931989 |
||
| 700 |
_aNISSIM (Rina) _931990 |
||
| 700 |
_aSAROJINI (N B) _931991 |
||
| 700 |
_aBAJPAI (Smita) _931992 |
||
| 700 |
_aGANGOPADHAYA (Tanushree) _931993 |
||
| 700 |
_aMAHESHWARI(Uma) _931994 |
||
| 942 |
_2ddc _cGF |
||
| 999 |
_c222634 _d222634 |
||